[Event "CRO-chT1B 27th"]
[Site "Biograd"]
[Date "2018.09.22"]
[Round "8.26"]
[White "Matijevic, Hrvoje"]
[Black "Blazeka, Matej"]
[Result "1/2-1/2"]
[WhiteElo "2228"]
[BlackElo "2354"]
[PlyCount "34"]
[EventDate "2018.09.15"]
[EventType "team-swiss"]
[EventRounds "9"]
[EventCountry "CRO"]
[SourceTitle "CBM 186 Extra"]
[Source "ChessBase"]
[SourceDate "2018.08.24"]
[SourceVersion "1"]
[SourceVersionDate "2018.08.24"]
[SourceQuality "1"]
[WhiteTeam "Koprivnica Podravka"]
[BlackTeam "Zagreb Hask Mladost"]
[WhiteTeamCountry "CRO"]
[BlackTeamCountry "CRO"]

1. d4 d5 2. Nf3 Nf6 3. c4 c6 4. e3 e6 5. b3 c5 6. Bb2 Nc6 7. Nbd2 cxd4 8. Nxd4 Nxd4 9. Bxd4 Be7 10. Be2 dxc4 11. Bxc4 Bd7 12. a4 0-0 13. 0-0 Bc6 14. Nf3 Bd5 15. Rc1 Bxc4 16. Rxc4 Nd5 17. e4 Nb4 1/2-1/2

[Event "CRO-chT1A 26th"]
[Site "Mali Losinj"]
[Date "2017.10.03"]
[Round "6.46"]
[White "Zivkovic, Nikola"]
[Black "Matijevic, Hrvoje"]
[Result "0-1"]
[WhiteElo "2180"]
[BlackElo "2227"]
[PlyCount "98"]
[EventDate "2017.09.28"]
[EventType "team-tourn"]
[EventRounds "9"]
[EventCountry "CRO"]
[SourceTitle "EXT 2018"]
[Source "ChessBase"]
[SourceDate "2017.10.13"]
[SourceVersion "1"]
[SourceVersionDate "2017.10.13"]
[SourceQuality "1"]
[WhiteTeam "Vukovar"]
[BlackTeam "Koprivnica Podravka"]
[WhiteTeamCountry "CRO"]
[BlackTeamCountry "CRO"]

1. e4 c5 2. Nf3 d6 3. d4 cxd4 4. Nxd4 Nf6 5. Nc3 a6 6. Bc4 e6 7. Bb3 Nbd7 8. 0-0 Nc5 9. Re1 Be7 10. f4 Nxb3 11. axb3 0-0 12. Be3 Qc7 13. f5 Bd7 14. h3 b5 15. Bf2 e5 16. Nf3 Bc6 17. Nd2 b4 18. Na4 d5 19. Nb6 Rad8 20. exd5 Nxd5 21. Nxd5 Bxd5 22. Qe2 Qxc2 23. Nc4 Qxf5 24. Ne3 Qe4 25. Nxd5 Qxd5 26. Rxa6 f6 27. Qc4 Qxc4 28. bxc4 Rd2 29. Ra7 Re8 30. Ra4 Rxb2 31. Rc1 b3 32. c5 Ra2 33. Rb4 b2 34. Rb1 Rc8 35. R4xb2 Rxb2 36. Rxb2 Bxc5 37. Kf1 Bxf2 38. Kxf2 h5 39. Rb3 Rc4 40. Ke3 h4 41. Ra3 Kh7 42. Rb3 Rf4 43. Rb7 Kh6 44. Rb6 Kg5 45. Rb7 g6 46. Rb2 Kf5 47. Ra2 g5 48. Rb2 g4 49. Ra2 g3 0-1

[Event "CRO-chT1A 26th"]
[Site "Mali Losinj"]
[Date "2017.10.02"]
[Round "5.26"]
[White "Matijevic, Hrvoje"]
[Black "Bozinovic, Bogdan"]
[Result "1-0"]
[WhiteElo "2227"]
[BlackElo "2174"]
[PlyCount "83"]
[EventDate "2017.09.28"]
[EventType "team-tourn"]
[EventRounds "9"]
[EventCountry "CRO"]
[SourceTitle "EXT 2018"]
[Source "ChessBase"]
[SourceDate "2017.10.13"]
[SourceVersion "1"]
[SourceVersionDate "2017.10.13"]
[SourceQuality "1"]
[WhiteTeam "Koprivnica Podravka"]
[BlackTeam "Sesvete Sljeme"]
[WhiteTeamCountry "CRO"]
[BlackTeamCountry "CRO"]

1. d4 Nf6 2. Nf3 c5 3. d5 e6 4. c4 exd5 5. cxd5 d6 6. Nc3 g6 7. e4 a6 8. Qe2 Bg4 9. e5 Bxf3 10. gxf3 dxe5 11. Qxe5+ Qe7 12. Qxe7+ Bxe7 13. Bh6 Bf8 14. Be3 Nbd7 15. 0-0-0 Bg7 16. Ne4 0-0 17. Kb1 b6 18. Bf4 Rfe8 19. Bh3 Nxe4 20. Bxd7 Nxf2 21. Bxe8 Rxe8 22. Rhe1 Rd8 23. Rd2 Nh3 24. Bc7 Rd7 25. Re8+ Bf8 26. Bxb6 Kg7 27. Rd8 Rxd8 28. Bxd8 Bd6 29. Bb6 Ng5 30. Rf2 f5 31. Kc2 Nh3 32. Re2 Nf4 33. Rd2 g5 34. Kb3 Ng6 35. Rc2 Ne5 36. Bxc5 Bxc5 37. Rxc5 Nxf3 38. d6 Kf6 39. Kc4 g4 40. d7 Ke7 41. Rxf5 Nxh2 42. Rh5 1-0

[Event "CRO-chT1B 25th"]
[Site "Sibenik"]
[Date "2016.10.10"]
[Round "3.2"]
[White "Matijevic, Hrvoje"]
[Black "Jusic, Zdenko"]
[Result "1/2-1/2"]
[WhiteElo "2247"]
[BlackElo "2254"]
[PlyCount "59"]
[EventDate "2016.10.08"]
[EventType "team-tourn"]
[EventRounds "9"]
[EventCountry "CRO"]
[SourceTitle "EXT 2017"]
[Source "ChessBase"]
[SourceDate "2016.10.25"]
[SourceVersion "1"]
[SourceVersionDate "2016.10.25"]
[SourceQuality "1"]
[WhiteTeam "Koprivnica Podravka"]
[BlackTeam "Bibinje Goran"]
[WhiteTeamCountry "CRO"]
[BlackTeamCountry "CRO"]

1. d4 d6 2. c4 e5 3. Nc3 exd4 4. Qxd4 Nc6 5. Qd2 Nf6 6. e4 Be6 7. Nf3 Ne5 8. b3 Nxf3+ 9. gxf3 c6 10. Bb2 a6 11. f4 g6 12. Bg2 Bh6 13. e5 Nh5 14. Qxd6 Nxf4 15. Ne4 f5 16. Nc5 Qa5+ 17. Kf1 Rd8 18. Nxb7 Rxd6 19. Nxa5 Rd2 20. Bc3 Rd3 21. Bxc6+ Kf7 22. Bb4 Rhd8 23. Re1 Rd1 24. Nb7 R8d2 25. Bxd2 Rxd2 26. Nc5 Nh3 27. Re2 Rd1+ 28. Re1 Rd2 29. Re2 Rd1+ 30. Re1 1/2-1/2

[Event "CRO-chT1B"]
[Site "Bol"]
[Date "2014.10.06"]
[Round "3.3"]
[White "Vlaic, Branko"]
[Black "Matijevic, Hrvoje"]
[Result "1/2-1/2"]
[WhiteElo "2209"]
[BlackElo "2229"]
[PlyCount "93"]
[EventDate "2014.10.04"]
[EventType "team-tourn"]
[EventRounds "9"]
[EventCountry "CRO"]
[SourceTitle "CBM 162 Extra"]
[Source "ChessBase"]
[SourceDate "2014.10.17"]
[SourceVersion "1"]
[SourceVersionDate "2014.10.17"]
[SourceQuality "1"]
[WhiteTeam "Sibenik"]
[BlackTeam "Koprivnica"]
[WhiteTeamCountry "CRO"]
[BlackTeamCountry "CRO"]

1. Nf3 Nf6 2. c4 e6 3. g3 d5 4. Bg2 dxc4 5. Qa4+ Nbd7 6. 0-0 a6 7. Qxc4 b5 8. Qc2 Bb7 9. a4 c5 10. d3 Bd6 11. e4 0-0 12. Nc3 Qb6 13. h3 c4 14. Be3 cxd3 15. Qxd3 Bc5 16. axb5 Bxe3 17. Qxe3 Qxe3 18. fxe3 axb5 19. Nxb5 Bxe4 20. Nc3 Rab8 21. Rf2 Nc5 22. Ra2 Nd5 23. Re2 Bd3 24. Re1 Bc4 25. Ra5 Nd3 26. Nxd5 Bxd5 27. Re2 Rxb2 28. Rxb2 Nxb2 29. Ne5 Nc4 30. Nxc4 Bxc4 31. Rc5 Bd3 32. Bf1 Bxf1 33. Kxf1 Ra8 34. Kf2 g6 35. Kf3 Kg7 36. Rc7 Ra5 37. h4 Rf5+ 38. Ke4 h5 39. Ra7 Kf6 40. Ra8 Rf2 41. Rg8 Rf5 42. Ra8 g5 43. hxg5+ Kxg5 44. Rg8+ Kf6 45. Rh8 Kg7 46. Rb8 Rf1 47. Ra8 1/2-1/2

[Event "CRO-chT2 Center 22nd"]
[Site "Sisak"]
[Date "2013.04.28"]
[Round "5.1"]
[White "Matijevic, Hrvoje"]
[Black "Blagojevic, Marijan"]
[Result "1-0"]
[WhiteElo "2225"]
[BlackElo "2144"]
[PlyCount "79"]
[EventDate "2013.04.14"]
[EventType "team-tourn"]
[EventRounds "11"]
[EventCountry "CRO"]
[SourceTitle "EXT 2016"]
[Source "ChessBase"]
[SourceDate "2015.10.08"]
[SourceVersion "1"]
[SourceVersionDate "2015.10.08"]
[SourceQuality "1"]

1. d4 Nf6 2. c4 e6 3. Nf3 b6 4. g3 Bb7 5. Bg2 Be7 6. 0-0 0-0 7. Nc3 Ne4 8. Qc2 Nxc3 9. Qxc3 d6 10. b3 Nd7 11. Bb2 Bf6 12. Rad1 g6 13. Qc2 Bg7 14. e4 f5 15. exf5 exf5 16. d5 Bxb2 17. Qxb2 b5 18. cxb5 a6 19. bxa6 Bxa6 20. Rfe1 Nc5 21. Qd4 Bb5 22. Rd2 Rf7 23. h4 h6 24. Rc2 Re7 25. Re3 Re4 26. Qd2 Qf6 27. b4 Na6 28. Rxe4 fxe4 29. Ne1 Bd3 30. Nxd3 exd3 31. Rc4 Rf8 32. Qxd3 Qxf2+ 33. Kh2 Kh7 34. Rc2 Qb6 35. h5 Rf6 36. hxg6+ Kg7 37. Re2 Nxb4 38. Re7+ Kg8 39. Qe2 Rf8 40. Re8 1-0

[Event "CRO-chT2 Center 22nd"]
[Site "Sisak"]
[Date "2013.04.21"]
[Round "4.6"]
[White "Matko, Ognjen"]
[Black "Matijevic, Hrvoje"]
[Result "1/2-1/2"]
[WhiteElo "2253"]
[BlackElo "2225"]
[PlyCount "28"]
[EventDate "2013.04.14"]
[EventType "team-tourn"]
[EventRounds "11"]
[EventCountry "CRO"]
[SourceTitle "EXT 2016"]
[Source "ChessBase"]
[SourceDate "2015.10.08"]
[SourceVersion "1"]
[SourceVersionDate "2015.10.08"]
[SourceQuality "1"]

1. e4 d6 2. Nc3 Nf6 3. Bc4 e5 4. d3 c6 5. f4 exf4 6. Bxf4 d5 7. exd5 cxd5 8. Qe2+ Be6 9. Bb3 Bc5 10. Nf3 0-0 11. 0-0-0 Nc6 12. Bg5 Be7 13. h4 h6 14. Bf4 Bb4 1/2-1/2

[Event "CRO-chT2 Center"]
[Site "Zagreb"]
[Date "2012.03.25"]
[Round "3.14"]
[White "Mihalinec, Damir"]
[Black "Matijevic, Hrvoje"]
[Result "1/2-1/2"]
[WhiteElo "2179"]
[BlackElo "2211"]
[PlyCount "144"]
[EventDate "2012.03.18"]
[EventType "team-swiss"]
[EventRounds "11"]
[EventCountry "CRO"]
[SourceTitle "EXT 2014"]
[Source "ChessBase"]
[SourceDate "2013.11.20"]
[SourceVersion "1"]
[SourceVersionDate "2013.11.20"]
[SourceQuality "1"]

1. c4 Nf6 2. Nc3 e5 3. g3 g6 4. Bg2 Bg7 5. Nf3 d6 6. 0-0 0-0 7. Rb1 c5 8. a3 a5 9. d3 h6 10. Ne1 Nc6 11. Nc2 a4 12. Re1 Bd7 13. Nb5 Ne8 14. Bd2 Kh7 15. Ne3 Nd4 16. Nc3 Ra7 17. Ncd5 f5 18. Bc3 f4 19. Nf1 Bg4 20. f3 Be6 21. Bxd4 cxd4 22. b3 Bxd5 23. cxd5 Nc7 24. bxa4 Nxd5 25. Qc2 Qd7 26. Nd2 Nc3 27. Rb4 Rc8 28. Nc4 Nxa4 29. Qb3 d5 30. Rxa4 Qxa4 31. Qxa4 Rxa4 32. Nb6 Rca8 33. Rb1 fxg3 34. hxg3 Rxa3 35. Nxa8 Rxa8 36. Rxb7 h5 37. Bh3 Kh6 38. Be6 Rd8 39. Rb6 Kg5 40. Bf7 Bf6 41. Kg2 Rf8 42. Bxd5 Bg7 43. Re6 Bf6 44. Be4 Rf7 45. Ra6 Kh6 46. Bc6 Bg7 47. Bd5 Rf6 48. Ra7 Rd6 49. Bf7 Rb6 50. Re7 Rf6 51. Be8 Rb6 52. Rc7 Re6 53. Bc6 Rf6 54. Bd5 Rd6 55. Bf7 Rb6 56. Re7 Rf6 57. Kh3 Rb6 58. Be8 Rd6 59. Rc7 Re6 60. Bc6 Rd6 61. Bd7 Rf6 62. Be8 Rd6 63. g4 hxg4+ 64. fxg4 Bf6 65. Kg2 Kg5 66. Kf3 Rb6 67. Rc8 Rb1 68. Bd7 Rf1+ 69. Kg2 Re1 70. Kf2 Rh1 71. Kg2 Re1 72. Kf2 Rh1 1/2-1/2

[Event "CRO-chT2 Center"]
[Site "Croatia"]
[Date "2011.10.23"]
[Round "11.11"]
[White "Antunac, Goran"]
[Black "Matijevic, Hrvoje"]
[Result "1-0"]
[WhiteElo "2390"]
[BlackElo "2222"]
[PlyCount "61"]
[EventDate "2011.03.20"]
[EventType "team-tourn"]
[EventRounds "11"]
[EventCountry "CRO"]
[SourceTitle "EXT 2014"]
[Source "ChessBase"]
[SourceDate "2013.11.20"]
[SourceVersion "1"]
[SourceVersionDate "2013.11.20"]
[SourceQuality "1"]

1. d4 Nf6 2. Nf3 e6 3. c4 Bb4+ 4. Nbd2 b6 5. a3 Bxd2+ 6. Bxd2 Bb7 7. e3 0-0 8. Bd3 Ne4 9. Bb4 d6 10. Qc2 f5 11. 0-0 Nd7 12. Rfd1 Rf6 13. Bf1 Qe8 14. d5 a5 15. Be1 a4 16. Nd4 exd5 17. cxd5 Ndc5 18. f3 Ng5 19. Nxf5 Nxf3+ 20. gxf3 Qg6+ 21. Bg3 Qxf5 22. Qxf5 Rxf5 23. Be2 Nb3 24. Rab1 Ba6 25. Bxa6 Rxa6 26. Kg2 g5 27. e4 Rf7 28. h4 gxh4 29. Bxh4 Ra5 30. Be1 Rg7+ 31. Kf2 1-0

[Event "CRO-chT2 Center"]
[Site "Croatia"]
[Date "2011.04.03"]
[Round "5.11"]
[White "Cop, Tomislav"]
[Black "Matijevic, Hrvoje"]
[Result "1-0"]
[WhiteElo "2268"]
[BlackElo "2222"]
[PlyCount "41"]
[EventDate "2011.03.20"]
[EventType "team-tourn"]
[EventRounds "11"]
[EventCountry "CRO"]
[SourceTitle "EXT 2014"]
[Source "ChessBase"]
[SourceDate "2013.11.20"]
[SourceVersion "1"]
[SourceVersionDate "2013.11.20"]
[SourceQuality "1"]

1. e4 e5 2. Nf3 Nc6 3. Bc4 Nf6 4. Ng5 d5 5. exd5 Na5 6. Bb5+ c6 7. dxc6 bxc6 8. Bd3 Nd5 9. Ne4 Nf4 10. Bf1 f5 11. g3 fxe4 12. gxf4 Qh4 13. Nc3 exf4 14. Nxe4 Bg4 15. Be2 h5 16. d3 0-0-0 17. Bxg4+ hxg4 18. Bxf4 Rh5 19. Qd2 Rb5 20. Bg5 Rxg5 21. Qxg5 1-0

[Event "CRO-chT2 Center"]
[Site "Croatia"]
[Date "2011.04.03"]
[Round "6.11"]
[White "Matijevic, Hrvoje"]
[Black "Nemeth, Miklos"]
[Result "0-1"]
[WhiteElo "2222"]
[BlackElo "2457"]
[PlyCount "70"]
[EventDate "2011.03.20"]
[EventType "team-tourn"]
[EventRounds "11"]
[EventCountry "CRO"]
[SourceTitle "EXT 2014"]
[Source "ChessBase"]
[SourceDate "2013.11.20"]
[SourceVersion "1"]
[SourceVersionDate "2013.11.20"]
[SourceQuality "1"]

1. d4 Nf6 2. c4 e6 3. Nc3 Bb4 4. Bd2 0-0 5. Nf3 b6 6. a3 Bxc3 7. Bxc3 Ne4 8. Rc1 Bb7 9. e3 d6 10. Be2 Nd7 11. 0-0 f5 12. d5 e5 13. Nd2 Nxc3 14. Rxc3 Rf6 15. e4 f4 16. Bg4 Nf8 17. b4 c6 18. dxc6 Bxc6 19. c5 dxc5 20. bxc5 b5 21. Nb3 Qc7 22. Rd3 Bxe4 23. Rc3 Bc6 24. Re1 Re8 25. Rd3 a5 26. Qd2 a4 27. Na5 Ba8 28. Bd7 Nxd7 29. Rxd7 Qxc5 30. Rc1 Qxa3 31. Nb7 Bxb7 32. Rxb7 Rd6 33. Rcc7 Qa1+ 34. Rc1 Rxd2 35. Rxa1 Red8 0-1

[Event "CRO-chT2b"]
[Site "Croatia"]
[Date "2009.10.25"]
[Round "9"]
[White "Matijevic, Hrvoje"]
[Black "Tesic, Dragan"]
[Result "1/2-1/2"]
[WhiteElo "2249"]
[BlackElo "2375"]
[PlyCount "27"]
[EventDate "2009.03.01"]
[EventType "team-tourn"]
[EventRounds "11"]
[EventCountry "CRO"]
[SourceTitle "EXT 2011"]
[Source "ChessBase"]
[SourceDate "2010.11.26"]
[SourceVersion "1"]
[SourceVersionDate "2010.11.26"]
[SourceQuality "1"]

1. d4 Nf6 2. c4 g6 3. Nc3 d5 4. Bf4 Bg7 5. e3 c5 6. dxc5 Qa5 7. Rc1 dxc4 8. Bxc4 0-0 9. Nf3 Nc6 10. 0-0 Qxc5 11. Bb3 Qa5 12. Qe2 Bg4 13. h3 Bxf3 14. Qxf3 1/2-1/2

[Event "CRO-chT2b"]
[Site "Croatia"]
[Date "2009.03.01"]
[Round "1"]
[White "Marangunic, Srdjan"]
[Black "Matijevic, Hrvoje"]
[Result "1-0"]
[WhiteElo "2379"]
[BlackElo "2248"]
[PlyCount "79"]
[EventDate "2009.03.01"]
[EventType "team-tourn"]
[EventRounds "11"]
[EventCountry "CRO"]
[SourceTitle "EXT 2010"]
[Source "ChessBase"]
[SourceDate "2010.11.25"]
[SourceVersion "1"]
[SourceVersionDate "2010.11.25"]
[SourceQuality "1"]

1. Nf3 Nf6 2. g3 d5 3. Bg2 Nbd7 4. 0-0 e5 5. d3 Bc5 6. c3 e4 7. Nd4 0-0 8. dxe4 dxe4 9. a4 a5 10. Na3 Re8 11. Nac2 Ne5 12. Bg5 Neg4 13. f3 h6 14. Bc1 Ne5 15. Ne3 b6 16. f4 Neg4 17. Nec2 Nd5 18. h3 Bxd4+ 19. Qxd4 c5 20. Qd1 Ngf6 21. c4 Nb4 22. Nxb4 axb4 23. b3 Ra7 24. Qxd8 Rxd8 25. Be3 h5 26. Rfd1 Rad7 27. Rxd7 Rxd7 28. a5 bxa5 29. Kf2 Ra7 30. Bxc5 Ra6 31. Ke3 Bb7 32. Be7 Ne8 33. f5 a4 34. bxa4 b3 35. Rb1 Rxa4 36. Rxb3 Bc6 37. Kd4 f6 38. Ra3 Kf7 39. Rxa4 Bxa4 40. Ba3 1-0

[Event "CRO-chT2 Center"]
[Site "Zagreb"]
[Date "2005.04.24"]
[Round "3.5"]
[White "Lasic, Luka"]
[Black "Matijevic, Hrvoje"]
[Result "0-1"]
[WhiteElo "2308"]
[BlackElo "2250"]
[PlyCount "112"]
[EventDate "2005.04.03"]
[EventType "team-tourn"]
[EventRounds "11"]
[EventCountry "CRO"]
[SourceTitle "EXT 2007"]
[Source "ChessBase"]
[SourceDate "2006.11.23"]
[SourceVersion "1"]
[SourceVersionDate "2006.11.23"]
[SourceQuality "1"]

1. d4 Nf6 2. Nf3 e6 3. g3 d5 4. Bg2 c5 5. c4 dxc4 6. 0-0 Nc6 7. Qa4 Bd7 8. Qxc4 cxd4 9. Nxd4 Rc8 10. Nc3 Nxd4 11. Qxd4 Bc5 12. Qe5 Qb6 13. Ne4 Nxe4 14. Qxe4 Bc6 15. Qg4 0-0 16. Rb1 Bd4 17. Bg5 f5 18. Qh5 Bxg2 19. Kxg2 Rc2 20. Be7 Rfc8 21. Ba3 Qc6+ 22. Kg1 Qe4 23. Rfe1 g6 24. Qh4 Qxh4 25. gxh4 Bf6 26. h5 gxh5 27. Kf1 b5 28. Red1 a5 29. Bd6 Kf7 30. b4 a4 31. Bc5 Rxa2 32. Rd7+ Kg6 33. Kg2 Ra1 34. Rxa1 Bxa1 35. Ra7 Bb2 36. Ra6 Kf6 37. e3 Ke5 38. Ra5 Kd5 39. Rxb5 Kc4 40. Ra5 a3 41. Bd4 Kb3 42. b5 Bxd4 43. exd4 Rb8 44. Kf3 Kb2 45. Kf4 a2 46. Ke5 Rb6 47. d5 exd5 48. Kxd5 a1Q 49. Rxa1 Kxa1 50. Kc5 Rb8 51. b6 Kb2 52. Kc6 Kc3 53. Kc7 Rg8 54. b7 Kd3 55. b8Q Rxb8 56. Kxb8 Ke2 0-1

[Event "CRO-chT2 Center"]
[Site "Zagreb"]
[Date "2005.04.16"]
[Round "2.2"]
[White "Matijevic, Hrvoje"]
[Black "Tomasic, Roland"]
[Result "1/2-1/2"]
[WhiteElo "2250"]
[BlackElo "2156"]
[PlyCount "82"]
[EventDate "2005.04.03"]
[EventType "team-tourn"]
[EventRounds "11"]
[EventCountry "CRO"]
[SourceTitle "EXT 2007"]
[Source "ChessBase"]
[SourceDate "2006.11.23"]
[SourceVersion "1"]
[SourceVersionDate "2006.11.23"]
[SourceQuality "1"]

1. d4 f5 2. c4 Nf6 3. g3 d6 4. Nf3 g6 5. Bg2 Bg7 6. 0-0 0-0 7. Nc3 c6 8. h3 Qe8 9. d5 Na6 10. Be3 Ne4 11. Nxe4 fxe4 12. Ng5 Bxb2 13. Rb1 Be5 14. Bxe4 c5 15. h4 Rb8 16. Ne6 Bxe6 17. dxe6 b6 18. f4 Bg7 19. h5 Nb4 20. hxg6 Nxa2 21. gxh7+ Kh8 22. Qc2 Nb4 23. Qd2 Qh5 24. f5 Qg4 25. Bf4 Rbd8 26. Kg2 Be5 27. Rb3 Bxf4 28. Rxf4 Qg7 29. Rh4 a5 30. Qc3 Qxc3 31. Rxc3 d5 32. cxd5 Nxd5 33. Bxd5 Rxd5 34. Rb3 Rd6 35. g4 a4 36. Rg3 Rd4 37. Rh5 Rd2 38. g5 Rxf5 39. g6 Rxe2+ 40. Kg1 Re1+ 41. Kg2 Re2+ 1/2-1/2

[Event "CRO Cup"]
[Site "Rabac"]
[Date "2003.05.30"]
[Round "5"]
[White "Lovric, Branko"]
[Black "Matijevic, Hrvoje"]
[Result "0-1"]
[WhiteElo "2319"]
[BlackElo "2231"]
[PlyCount "48"]
[EventDate "2003.05.26"]
[EventType "team"]
[EventRounds "5"]
[EventCountry "CRO"]
[SourceTitle "CBM 094 Extra"]
[Source "ChessBase"]
[SourceDate "2003.07.09"]
[SourceVersion "2"]
[SourceVersionDate "2003.07.09"]
[SourceQuality "1"]

1. b3 d5 2. Bb2 c5 3. e3 Nc6 4. f4 e6 5. Nf3 Nf6 6. Bb5 Bd7 7. 0-0 Be7 8. d3 0-0 9. Nbd2 Rc8 10. Bxc6 Bxc6 11. Ne5 d4 12. e4 Nd7 13. Nxc6 Rxc6 14. c4 dxc3 15. Bxc3 f5 16. Qc2 Bf6 17. Rae1 Bd4+ 18. Kh1 e5 19. fxe5 Nxe5 20. exf5 Ng4 21. Nf3 Rxf5 22. Ba5 Qxa5 23. Qc4+ Kf8 24. b4 Qc7 0-1